[Event "5th Oakham Young Masters"]
[Site "Oakham ENG"]
[Date "1992.03.31"]
[Round "8"]
[White "Jirovsky, Milos"]
[Black "Hsu Li Yang"]
[Result "1-0"]
[WhiteElo "2425"]
[BlackElo "2290"]
[EventDate "1992.03.24"]
[PlyCount "115"]
[Source "John Saunders"]

1.c4 e5 2.g3 Nc6 3.Bg2 g6 4.Nc3 Bg7 5.d3 d6 6.Rb1 a5 7.a3 Be6 8.e4 Nge7 9.
h4 h5 10.Be3 Nd4 11.Nh3 O-O 12.O-O Qc8 13.Kh2 Kh8 14.Nd5 Ng8 15.Rc1 Qd8 
16.Bg5 f6 17.Be3 Bh6 18.f4 Bg4 19.Qe1 c6 20.Nc3 c5 21.Ng1 Bg7 22.Nd5 Nh6 
23.Bxd4 exd4 24.Bh3 a4 25.Rc2 Re8 26.Nf3 Rb8 27.Bxg4 Nxg4+ 28.Kg2 b5 29.
Qd2 Bh6 30.Re1 Rb7 31.Nh2 Ne5 32.Qe2 Nf7 33.cxb5 f5 34.b6 Rxb6 35.Nxb6 
Qxb6 36.Qf3 Qb3 37.Rce2 fxe4 38.Rxe4 Rxe4 39.Qxe4 Kg7 40.Qe2 c4 41.dxc4 d3
42.Qd2 Ne5 43.Qc3 Qxc3 44.bxc3 Nxc4 45.Kf2 Nxa3 46.Ra1 Nb5 47.Ke3 Nxc3 48.
Kxd3 Kf7 49.Ra3 Bg7 50.Rxc3 Bxc3 51.Kxc3 Ke6 52.Kb4 Kd5 53.Kxa4 Ke4 54.Kb3
Ke3 55.Kc4 Kf2 56.g4 hxg4 57.Nxg4+ Kg3 58.h5 1-0

[Event "5th Oakham Young Masters"]
[Site "Oakham ENG"]
[Date "1992.03.31"]
[Round "8"]
[White "Reinderman, Dimitri"]
[Black "Hassabis, Demis"]
[Result "1/2-1/2"]
[WhiteElo "2420"]
[BlackElo "2290"]
[EventDate "1992.03.24"]
[PlyCount "87"]
[Source "John Saunders"]

1.c4 b6 2.e4 Bb7 3.Nc3 e6 4.Nf3 Bb4 5.Qb3 Na6 6.d3 d6 7.a3 Bxc3+ 8.Qxc3 e5
9.b4 Nf6 10.g3 c5 11.Bg2 Nc7 12.O-O Ne6 13.Rb1 Nd7 14.Be3 Rb8 15.Nh4 O-O 
16.Nf5 Qc7 17.Qd2 Kh8 18.f4 a6 19.Qe2 Bc6 20.Qg4 cxb4 21.axb4 a5 22.Qh4 
Rfe8 23.Ne7 f6 24.Nxc6 Qxc6 25.Bh3 axb4 26.Rxb4 Ndc5 27.Rd1 Ra8 28.Rb2 Kg8
29.Qh5 Re7 30.Qe2 Nd8 31.Qd2 Ra6 32.Rdb1 Rea7 33.Bf1 Nde6 34.Be2 Nf8 35.
Rb4 Nfd7 36.R4b2 Ra3 37.Qc2 Kf8 38.Kf2 Ke7 39.Kf1 R7a6 40.Kf2 Na4 41.Rb3 
Nac5 42.Rxa3 Rxa3 43.Bc1 Ra6 44.Rb5 1/2-1/2

[Event "5th Oakham Young Masters"]
[Site "Oakham ENG"]
[Date "1992.03.31"]
[Round "8"]
[White "Piper, Matthew"]
[Black "Grigore, George-Gabriel"]
[Result "0-1"]
[WhiteElo "2275"]
[BlackElo "2430"]
[EventDate "1992.03.24"]
[PlyCount "62"]
[Source "John Saunders"]

1.e4 c6 2.d4 d5 3.Nd2 dxe4 4.Nxe4 Bf5 5.Ng3 Bg6 6.Nf3 Nd7 7.h4 h6 8.h5 Bh7
9.Bd3 Bxd3 10.Qxd3 Qc7 11.Bd2 e6 12.O-O-O Ngf6 13.Ne4 O-O-O 14.g3 Nc5 15.
Nxc5 Bxc5 16.Qc4 Bb6 17.Bf4 Qe7 18.Qe2 Bc7 19.Bxc7 Qxc7 20.Ne5 Rd6 21.f4 
Rhd8 22.c3 Nd5 23.Rhf1 Kb8 24.Qe4 f5 25.Qf3 c5 26.dxc5 Ra6 27.Kb1 Qxc5 28.
c4 Qa5 29.Qb3 Rb6 30.Qf3 Nc3+ 31.Kc2 Qa4+ 0-1

[Event "5th Oakham Young Masters"]
[Site "Oakham ENG"]
[Date "1992.03.31"]
[Round "8"]
[White "Hall, Jesper"]
[Black "Collinson, Adam"]
[Result "1-0"]
[WhiteElo "2370"]
[BlackElo "2335"]
[EventDate "1992.03.24"]
[PlyCount "43"]
[Source "John Saunders"]

1.e4 e5 2.Nf3 Nc6 3.Bb5 a6 4.Ba4 Nf6 5.O-O b5 6.Bb3 Bb7 7.c3 Nxe4 8.d4 Na5
9.Nxe5 Nxb3 10.Qxb3 Qf6 11.f3 Nc5 12.Ng4 Nxb3 13.Nxf6+ Ke7 14.Bg5 Nxa1 15.
Re1+ Kd6 16.Bf4+ Kc6 17.d5+ Kc5 18.b4+ Kc4 19.Na3+ Kxc3 20.Ne4+ Kxb4 21.
Rb1+ Kxa3 22.Nc3 {Source: bulletin. All of these moves were published in 
Informator 53/330 [analysis:Christiansen,L] as an improvement on the 
analysis of P.Wolff in 52/335. Collinson read Informator 53 five minutes 
before the game, but overlooked the decisive note.} 1-0

[Event "5th Oakham Young Masters"]
[Site "Oakham ENG"]
[Date "1992.03.31"]
[Round "8"]
[White "Sjodahl, Pontus"]
[Black "Webster, Andrew"]
[Result "1-0"]
[WhiteElo "2345"]
[BlackElo "2350"]
[EventDate "1992.03.24"]
[PlyCount "113"]
[Source "John Saunders"]

1.d4 g6 2.c4 Bg7 3.e4 d6 4.Nc3 Nc6 5.Be3 e5 6.Nge2 Nh6 7.f3 f5 8.Qd2 Nf7 
9.O-O-O O-O 10.exf5 gxf5 11.dxe5 dxe5 12.Qxd8 Nfxd8 13.Nd5 Ne6 14.f4 Rf7 
15.g3 Bd7 16.Bh3 Ncd4 17.Nxd4 exd4 18.Bf2 c6 19.Nb4 c5 20.Nd3 Bc6 21.Rhe1 
Re8 22.Ne5 Be4 23.Nxf7 Kxf7 24.Bf1 h5 25.Kd2 Bh6 26.Bd3 Nf8 27.b4 Nd7 28.
bxc5 Nxc5 29.Be2 Rd8 30.Bxh5+ Kf8 31.Ke2 Bg7 32.Kf1 Rd6 33.g4 Nd3 34.gxf5 
Nxe1 35.Rxe1 Bd3+ 36.Kg2 Bf6 37.c5 Ra6 38.Re6 Kg7 39.Rxa6 Bxa6 40.Bf3 d3 
41.Be1 Bd4 42.Be4 Be3 43.Bc3+ Kf8 44.Kf3 Bxc5 45.Bd5 b5 46.f6 b4 47.Bd2 
Bc8 48.Ke4 a5 49.f5 a4 50.Bh6+ Ke8 51.f7+ Kd8 52.Kxd3 Bxf5+ 53.Kc4 Be7 54.
f8=Q+ Bxf8 55.Bxf8 b3 56.axb3 axb3 57.Kxb3 1-0

[Event "5th Oakham Young Masters"]
[Site "Oakham ENG"]
[Date "1992.03.31"]
[Round "8"]
[White "Chabanon, Jean-Luc"]
[Black "Topakian, Raffi"]
[Result "1-0"]
[WhiteElo "2410"]
[BlackElo "2255"]
[EventDate "1992.03.24"]
[PlyCount "133"]
[Source "John Saunders"]

1.d4 Nf6 2.c4 g6 3.Nc3 d5 4.Nf3 Bg7 5.Qb3 dxc4 6.Qxc4 O-O 7.e4 Bg4 8.Be3 
Nfd7 9.Rd1 Nb6 10.Qb3 e6 11.Be2 a5 12.a4 Nc6 13.d5 Nb4 14.O-O exd5 15.exd5
Re8 16.h3 Bxf3 17.Bxf3 Nc8 18.d6 Nxd6 19.Nb5 Qe7 20.Bc5 Rad8 21.Bxb7 Qe6 
22.Qxe6 Rxe6 23.Bf3 Na6 24.Ba3 Bf6 25.Nd4 Bxd4 26.Rxd4 Rde8 27.g3 c5 28.
Rd5 Nc4 29.Bxc5 Nxb2 30.Be3 Nc4 31.Bf4 Nb4 32.Rb5 Ne5 33.Bg2 Nbd3 34.Rxa5 
Nc4 35.Rd5 Nxf4 36.gxf4 Ra6 37.Rd4 Nb2 38.Ra1 Re7 39.Bf1 Ra5 40.Rb4 Nxa4 
41.Raxa4 Rc5 42.Re4 Rd7 43.Rad4 Rb7 44.Bd3 Kg7 45.Re3 Rc6 46.Kg2 Ra7 47.h4
h6 48.h5 gxh5 49.Rg3+ Kf6 50.Rd5 h4 51.Rf5+ Ke7 52.Re3+ Kf8 53.Rh5 Rf6 54.
Rxh4 Ra5 55.f5 Rd5 56.Kg3 Rfd6 57.Be4 Rd2 58.f3 Kg7 59.Kf4 Rb6 60.Rc3 Rd4 
61.Rg4+ Kf6 62.Rg8 Rd7 63.Rh8 Ke7 64.Rcc8 Ra7 65.Rce8+ Kd7 66.Ref8 Ke7 67.
Rxf7+ 1-0

[Event "5th Oakham Young Masters"]
[Site "Oakham ENG"]
[Date "1992.03.31"]
[Round "8"]
[White "Cullip, Stephen"]
[Black "Relange, Eloi"]
[Result "1/2-1/2"]
[WhiteElo "2320"]
[BlackElo "2275"]
[EventDate "1992.03.24"]
[PlyCount "123"]
[Source "John Saunders"]

1.e4 c5 2.Nf3 Nc6 3.d4 cxd4 4.Nxd4 Nf6 5.Nc3 e5 6.Ndb5 d6 7.Nd5 Nxd5 8.
exd5 Nb8 9.c4 Nd7 10.Be2 Be7 11.O-O a6 12.Nc3 O-O 13.b4 a5 14.bxa5 Qxa5 
15.Nb5 f5 16.Ba3 Qb6 17.Bb4 Nc5 18.a4 Na6 19.a5 Qd8 20.Ba3 Rf6 21.f4 e4 
22.Qb3 Kh8 23.Rfd1 b6 24.Bb2 Rf8 25.axb6 Qxb6+ 26.Bd4 Qb8 27.Qa3 Bb7 28.
Rab1 Nc5 29.Qe3 Rc8 30.Qg3 Rg8 31.Bh5 Bf6 32.Bg6 Rf8 33.Bxf5 Bxd4+ 34.Nxd4
Qa7 35.Qe3 Bc8 36.Bxc8 Raxc8 37.Ne6 Rfe8 38.f5 Qa4 39.Qd4 Nxe6 40.dxe6 
Rxc4 41.Qxd6 h5 42.Qd7 Qxd7 43.Rxd7 e3 44.Re1 Re4 45.g3 Re5 46.Rd3 Rxf5 
47.Rdxe3 g6 48.Kg2 Kg7 49.Rf3 Rxf3 50.Kxf3 Kf6 51.Kf4 Rxe6 52.Rxe6+ Kxe6 
53.Kg5 Kf7 54.Kf4 Kf6 55.h3 Ke6 56.g4 hxg4 57.hxg4 Kf6 58.Ke4 Kg5 59.Kf3 
Kf6 60.Kf4 g5+ 61.Ke4 Ke6 62.Kd4 1/2-1/2

[Event "5th Oakham Young Masters"]
[Site "Oakham ENG"]
[Date "1992.03.31"]
[Round "8"]
[White "Bus, Mariusz"]
[Black "Ong Chong Ghee"]
[Result "1/2-1/2"]
[WhiteElo "2390"]
[BlackElo "2205"]
[EventDate "1992.03.24"]
[PlyCount "81"]
[Source "John Saunders"]

1.e4 e5 2.Nf3 Nc6 3.d4 exd4 4.Nxd4 Bc5 5.Be3 Qf6 6.c3 Nge7 7.g3 O-O 8.Bg2 
Bb6 9.O-O d6 10.Na3 Qg6 11.Nc4 Nxd4 12.cxd4 f5 13.Nxb6 axb6 14.f3 Kh8 15.
Qc2 c6 16.Qb3 b5 17.d5 Bd7 18.a4 Qf7 19.axb5 cxd5 20.Rxa8 Rxa8 21.exf5 
Nxf5 22.Bb6 Be6 23.Re1 h5 24.f4 Re8 25.Qd3 Bd7 26.Rxe8+ Qxe8 27.Bxd5 Bxb5 
28.Qe4 Qc8 29.Qe1 Bc6 30.Be6 Qe8 31.Bf2 Qg6 32.Qe2 Nh4 33.Be1 Nf3+ 34.Kf1 
Nd4 35.f5 Nxf5 36.Bc3 Qg5 37.Bxf5 Qxf5+ 38.Ke1 Bb5 39.Qf2 Qb1+ 40.Kd2 Qd3+
41.Kc1 1/2-1/2

[Event "5th Oakham Young Masters"]
[Site "Oakham ENG"]
[Date "1992.03.31"]
[Round "8"]
[White "Le Quang Kim"]
[Black "Buckley, Graeme"]
[Result "1-0"]
[WhiteElo "2250"]
[BlackElo "2205"]
[EventDate "1992.03.24"]
[PlyCount "120"]
[Source "John Saunders"]

1.e4 c5 2.Nf3 d6 3.d4 cxd4 4.Nxd4 Nf6 5.Nc3 e6 6.f4 Be7 7.Bd3 O-O 8.O-O 
Nc6 9.Nf3 a6 10.Qe1 e5 11.Nd5 Be6 12.c4 exf4 13.Bxf4 Re8 14.Qd2 b5 15.b3 
bxc4 16.bxc4 Ne5 17.Nxe5 dxe5 18.Be3 Nd7 19.Nxe7+ Qxe7 20.Qf2 Rec8 21.Rac1
Nc5 22.Bb1 Rab8 23.Rfd1 Na4 24.c5 Rb2 25.Rd2 Rcb8 26.Rxb2 Rxb2 27.Qf1 a5 
28.Qd1 Rb4 29.a3 Rb3 30.Qd2 h6 31.Ba2 Rxe3 32.Qxe3 Bxa2 33.c6 Be6 34.c7 
Kh7 35.Qa7 Qe8 36.Qxa5 Qd7 37.Qb4 Qd3 38.Kh1 Qe3 39.c8=Q Bxc8 40.Rxc8 Nb2 
41.Rc2 Nd3 42.Qd2 Qd4 43.h3 f5 44.exf5 e4 45.Qc3 Qd6 46.Qc6 Nf2+ 47.Kg1 
Nxh3+ 48.gxh3 Qg3+ 49.Rg2 Qe3+ 50.Kh2 Qf4+ 51.Kg1 Qe3+ 52.Kf1 Qf3+ 53.Ke1 
Qe3+ 54.Kd1 Qd3+ 55.Rd2 Qf1+ 56.Kc2 Qxf5 57.Qd5 Qg6 58.Re2 Qf6 59.Qxe4+ 
Kh8 60.Qe8+ Kh7 1-0

[Event "5th Oakham Young Masters"]
[Site "Oakham ENG"]
[Date "1992.03.31"]
[Round "8"]
[White "Martinidesz, Denes"]
[Black "Beckett, Roger"]
[Result "1-0"]
[WhiteElo "2215"]
[BlackElo "2205"]
[EventDate "1992.03.24"]
[PlyCount "47"]
[Source "John Saunders"]

1.e4 e6 2.d4 d5 3.Nc3 Bb4 4.Bd2 Nf6 5.e5 Bxc3 6.bxc3 Nfd7 7.Qg4 Kf8 8.h4 
c5 9.Rh3 Qe7 10.h5 h6 11.Nf3 f5 12.Qf4 Ke8 13.Nh4 Qf7 14.g4 Nf8 15.c4 g5 
16.hxg6 Nxg6 17.Nxg6 Qxg6 18.gxf5 Qxf5 19.Qxf5 exf5 20.cxd5 cxd4 21.Rxh6 
Rxh6 22.Bxh6 Nd7 23.O-O-O Ke7 24.e6 1-0

[Event "5th Oakham Young Masters"]
[Site "Oakham ENG"]
[Date "1992.04.01"]
[Round "9"]
[White "Bologan, Viorel"]
[Black "Shirov, Alexei"]
[Result "1/2-1/2"]
[WhiteElo "2585"]
[BlackElo "2655"]
[EventDate "1992.03.24"]
[PlyCount "22"]
[Source "John Saunders"]

1.d4 d5 2.c4 c6 3.Nc3 Nf6 4.cxd5 cxd5 5.Bf4 Nc6 6.Nf3 Bf5 7.e3 e6 8.Bd3 
Bxd3 9.Qxd3 Bd6 10.Bxd6 Qxd6 11.O-O O-O 1/2-1/2

[Event "5th Oakham Young Masters"]
[Site "Oakham ENG"]
[Date "1992.04.01"]
[Round "9"]
[White "Ulybin, Mikhail"]
[Black "Hall, Jesper"]
[Result "1/2-1/2"]
[WhiteElo "2585"]
[BlackElo "2370"]
[EventDate "1992.03.24"]
[PlyCount "94"]
[Source "John Saunders"]

1.d4 Nf6 2.c4 e6 3.g3 c5 4.d5 exd5 5.cxd5 d6 6.Nc3 g6 7.Bg2 Bg7 8.Nf3 O-O 
9.O-O a6 10.a4 Nbd7 11.Bf4 Qe7 12.h3 Nh5 13.Bg5 f6 14.Bd2 f5 15.Bg5 Nhf6 
16.Rb1 h6 17.Bd2 Ne4 18.Nxe4 fxe4 19.Ne1 Ne5 20.Nc2 Nc4 21.Bc1 b5 22.b3 
Ne5 23.Ne3 Bd7 24.axb5 axb5 25.Qc2 Nf3+ 26.exf3 exf3 27.Bh1 Bxh3 28.Rd1 
Qf7 29.Bb2 Ra2 30.Qc1 Bd7 31.Bxg7 Qxg7 32.Ra1 Rxa1 33.Qxa1 g5 34.Qa7 Rf7 
35.Qb8+ Qf8 36.Qxf8+ Kxf8 37.g4 Rf4 38.Kh2 h5 39.gxh5 Rh4+ 40.Kg1 g4 41.
Ra1 Rxh5 42.Ra7 Ke8 43.Ra8+ Ke7 44.Rg8 Kf7 45.Rd8 Ke7 46.Rg8 Kf7 47.Rd8 
Ke7 1/2-1/2

[Event "5th Oakham Young Masters"]
[Site "Oakham ENG"]
[Date "1992.04.01"]
[Round "9"]
[White "Nielsen, Peter Heine"]
[Black "Bus, Mariusz"]
[Result "0-1"]
[WhiteElo "2420"]
[BlackElo "2390"]
[EventDate "1992.03.24"]
[PlyCount "118"]
[Source "John Saunders"]

1.d4 d5 2.c4 dxc4 3.Nf3 Nf6 4.Nc3 c5 5.d5 e6 6.e4 exd5 7.e5 Nfd7 8.Bg5 Be7
9.Bxe7 Qxe7 10.Nxd5 Qd8 11.Bxc4 Nc6 12.Qc2 Qa5+ 13.Kf1 Nf8 14.Ne3 Ne6 15.
Qe4 Ncd4 16.Bd3 Nxf3 17.gxf3 Ng5 18.Qf4 Bh3+ 19.Kg1 O-O-O 20.Bc2 h6 21.Qg3
Bd7 22.h4 Ne6 23.Be4 Nd4 24.Kh2 Ne2 25.Qxg7 Be6 26.Rhd1 Nf4 27.Qf6 Nh3 28.
Rac1 Nxf2 29.b4 Nxe4 30.bxa5 Nxf6 31.Rxc5+ Kb8 32.Rxd8+ Rxd8 33.exf6 Bxa2 
34.Rh5 Rd3 35.Re5 Kc7 36.Kg3 Be6 37.Ng4 Kd6 38.Rh5 Bd5 39.Rf5 h5 40.Rxh5 
Rxf3+ 41.Kh2 Ra3 42.Rg5 Rxa5 43.h5 Ra2+ 44.Kg3 Ra3+ 45.Kh2 Ra1 46.Nf2 Rc1 
47.h6 Rc8 48.Kg3 Rh8 49.Rh5 a5 50.Kf4 a4 51.Ne4+ Bxe4 52.Kxe4 a3 53.Rh2 
Ke6 54.Rh3 a2 55.Ra3 Rxh6 56.Rxa2 Rh4+ 57.Kd3 Rb4 58.Rf2 Ke5 59.Kc3 Rb6 
0-1

[Event "5th Oakham Young Masters"]
[Site "Oakham ENG"]
[Date "1992.04.01"]
[Round "9"]
[White "Mueller, Karsten"]
[Black "Prakash, Gurunath B."]
[Result "1-0"]
[WhiteElo "2460"]
[BlackElo "2335"]
[EventDate "1992.03.24"]
[PlyCount "91"]
[Source "John Saunders"]

1.e4 e5 2.Nf3 Nc6 3.d4 exd4 4.Nxd4 Nf6 5.Nc3 Bb4 6.Nxc6 bxc6 7.Bd3 d5 8.
exd5 cxd5 9.O-O O-O 10.Bg5 c6 11.Ne2 h6 12.Bh4 Bd7 13.c4 Bd6 14.Bg3 Bxg3 
15.Nxg3 Re8 16.Qf3 Ng4 17.cxd5 Ne5 18.Qe4 g6 19.Bc4 h5 20.Qd4 c5 21.Qc3 h4
22.Ne4 Bf5 23.Rfe1 h3 24.Ng3 Qf6 25.Re3 Bd7 26.Rae1 Ng4 27.Qxf6 Nxf6 28.
gxh3 Bxh3 29.f3 Bd7 30.Re7 Rxe7 31.Rxe7 Be8 32.Ne4 Kf8 33.d6 Nxe4 34.fxe4 
Rd8 35.e5 f6 36.Rh7 fxe5 37.Rh8+ Kg7 38.Rg8+ Kf6 39.d7 Rxd7 40.Rxe8 Rd2 
41.Rf8+ Kg5 42.Rf2 Rd4 43.b3 e4 44.a4 a5 45.Kf1 e3 46.Rf3 1-0

[Event "5th Oakham Young Masters"]
[Site "Oakham ENG"]
[Date "1992.04.01"]
[Round "9"]
[White "Kumaran, Dharshan"]
[Black "Hauchard, Arnaud"]
[Result "1/2-1/2"]
[WhiteElo "2375"]
[BlackElo "2420"]
[EventDate "1992.03.24"]
[PlyCount "67"]
[Source "John Saunders"]

1.d4 Nf6 2.c4 e6 3.Nc3 Bb4 4.Qc2 c5 5.dxc5 Bxc5 6.Nf3 Qb6 7.e3 Qc7 8.a3 a6
9.Bd3 Be7 10.O-O d6 11.b4 Nbd7 12.Bb2 b6 13.Rac1 Bb7 14.Qe2 O-O 15.h3 Rac8
16.e4 Qb8 17.Qe3 Rfe8 18.Rfe1 Bd8 19.Rcd1 Bc7 20.Bf1 Qa8 21.Bd3 Rcd8 22.
Qc1 Nf8 23.Qe3 Ng6 24.Na4 Nd7 25.Qd4 f6 26.Bc2 Qb8 27.Bb3 Ba8 28.Nc3 Nde5 
29.Nxe5 Nxe5 30.Qe3 Qb7 31.Qe2 Bb8 32.Rd2 Qc7 33.Red1 Nf7 34.Qg4 1/2-1/2

[Event "5th Oakham Young Masters"]
[Site "Oakham ENG"]
[Date "1992.04.01"]
[Round "9"]
[White "Reinderman, Dimitri"]
[Black "Har-Zvi, Ronen"]
[Result "1/2-1/2"]
[WhiteElo "2420"]
[BlackElo "2350"]
[EventDate "1992.03.24"]
[PlyCount "121"]
[Source "John Saunders"]

1.e4 c5 2.Ne2 e6 3.Nbc3 d5 4.exd5 exd5 5.d4 Nc6 6.dxc5 d4 7.Ne4 Nf6 8.Bg5 
Qa5+ 9.Bd2 Qd8 10.N2g3 Nxe4 11.Nxe4 Bf5 12.Bd3 Qd5 13.Qf3 Be6 14.O-O Bxc5 
15.Nxc5 Qxc5 16.Rfe1 O-O-O 17.b4 Qd6 18.Bf4 Qxb4 19.Rab1 Qa5 20.h4 Rhe8 
21.Bg3 Re7 22.Kh2 h6 23.Be4 Qc5 24.a4 a6 25.Qf4 g5 26.Qf6 Red7 27.Kg1 gxh4
28.Qxh4 Bd5 29.Bf5 Be6 30.Be4 Bd5 31.Bf5 Be6 32.Bxe6 fxe6 33.Rxe6 Qxc2 34.
Rb6 Rc7 35.Qf4 Qd1+ 36.Kh2 Qh5+ 37.Kg1 Qd1+ 38.Kh2 Qh5+ 39.Bh4 Re8 40.Rxh6
Qe5 41.Bg3 Qxf4 42.Bxf4 Rf7 43.g3 Ne5 44.Bxe5 Rxe5 45.Rb2 d3 46.g4 Re2 47.
Rxe2 dxe2 48.Re6 Rxf2+ 49.Kg3 Rf1 50.Rxe2 Kd7 51.g5 Kd6 52.Kg4 b5 53.a5 b4
54.g6 Rg1+ 55.Kf5 b3 56.Re6+ Kc5 57.Rb6 Kc4 58.Kf6 Kc3 59.Kf7 b2 60.g7 
Rf1+ 61.Ke7 1/2-1/2

[Event "5th Oakham Young Masters"]
[Site "Oakham ENG"]
[Date "1992.04.01"]
[Round "9"]
[White "Svidler, Peter"]
[Black "Hassabis, Demis"]
[Result "1-0"]
[WhiteElo "2465"]
[BlackElo "2290"]
[EventDate "1992.03.24"]
[PlyCount "79"]
[Source "John Saunders"]

1.d4 f5 2.Nc3 Nf6 3.Bg5 e6 4.e4 fxe4 5.Nxe4 Be7 6.Bxf6 Bxf6 7.Nf3 O-O 8.
Bd3 Nc6 9.c3 d5 10.Nxf6+ Qxf6 11.Bb5 Ne7 12.O-O Ng6 13.Bd3 Nf4 14.Ne5 b6 
15.g3 Nh3+ 16.Kg2 Ng5 17.Qh5 g6 18.Qg4 Nf7 19.Rae1 Nxe5 20.Rxe5 Bd7 21.h4 
Rf7 22.h5 Rg7 23.hxg6 hxg6 24.Rg5 Kf7 25.Rh1 Rag8 26.f3 Ke7 27.Rh6 Be8 28.
Re5 Rf8 29.Rh1 Kd6 30.Rhe1 Bd7 31.c4 c6 32.Rh1 Be8 33.b4 Rgg8 34.b5 c5 35.
Rhe1 Bf7 36.dxc5+ bxc5 37.cxd5 exd5 38.Qa4 Be6 39.Rxe6+ Qxe6 40.Qa6+ 1-0

[Event "5th Oakham Young Masters"]
[Site "Oakham ENG"]
[Date "1992.04.01"]
[Round "9"]
[White "Sjodahl, Pontus"]
[Black "Chabanon, Jean-Luc"]
[Result "1/2-1/2"]
[WhiteElo "2345"]
[BlackElo "2410"]
[EventDate "1992.03.24"]
[PlyCount "65"]
[Source "John Saunders"]

1.d4 d5 2.c4 c6 3.Nf3 Nf6 4.Nc3 dxc4 5.a4 Bf5 6.e3 e6 7.Bxc4 Bb4 8.O-O 
Nbd7 9.Qe2 O-O 10.e4 Bg6 11.e5 Nd5 12.Bd2 Qa5 13.Rfc1 Rac8 14.Nh4 N5b6 15.
Nxg6 hxg6 16.Ne4 Bxd2 17.Nxd2 c5 18.dxc5 Nxc5 19.Nf3 Rfd8 20.h4 Qb4 21.a5 
Nd5 22.Bxd5 exd5 23.Qe3 d4 24.Qf4 Ne6 25.Rxc8 Rxc8 26.Rc1 Rc6 27.Rxc6 bxc6
28.Qd2 Qc4 29.b4 a6 30.g3 Qd5 31.Qd3 Kf8 32.Nd2 Nc7 33.Nf3 1/2-1/2

[Event "5th Oakham Young Masters"]
[Site "Oakham ENG"]
[Date "1992.04.01"]
[Round "9"]
[White "Volzhin, Alexander"]
[Black "Hennigan, Michael"]
[Result "1-0"]
[WhiteElo "2370"]
[BlackElo "2375"]
[EventDate "1992.03.24"]
[PlyCount "79"]
[Source "John Saunders"]

1.d4 d6 2.Nf3 g6 3.c4 Bg7 4.Nc3 Nf6 5.e4 O-O 6.Be2 e5 7.O-O Nc6 8.d5 Ne7 
9.Nd2 a5 10.a3 Nd7 11.Rb1 f5 12.b4 axb4 13.axb4 Nf6 14.c5 Bh6 15.f3 Be3+ 
16.Kh1 dxc5 17.bxc5 Bxc5 18.Nc4 f4 19.Nxe5 Nh5 20.Ng4 h6 21.Qe1 Kh7 22.Bb2
Ng8 23.Rd1 Bd7 24.e5 Bf5 25.Ne4 Bb6 26.Bc3 Ra2 27.Bc4 Rc2 28.Bb3 Bxe4 29.
fxe4 Qg5 30.Bxc2 Qxg4 31.Rd3 Ra8 32.Bd1 Qg5 33.Bxh5 gxh5 34.e6 Nf6 35.Bxf6
Qxf6 36.Rdf3 Bd4 37.Rxf4 Qg5 38.Qg3 Be5 39.Qxg5 hxg5 40.Rf8 1-0

[Event "5th Oakham Young Masters"]
[Site "Oakham ENG"]
[Date "1992.04.01"]
[Round "9"]
[White "Polak, Tomas"]
[Black "Gokhale, Jayant Suresh"]
[Result "0-1"]
[WhiteElo "2410"]
[BlackElo "2325"]
[EventDate "1992.03.24"]
[PlyCount "92"]
[Source "John Saunders"]

1.e4 e6 2.d4 d5 3.Nd2 Nf6 4.e5 Nfd7 5.c3 c5 6.Bd3 Nc6 7.Ne2 cxd4 8.cxd4 f6
9.exf6 Nxf6 10.Nf3 Bd6 11.O-O Qc7 12.g3 O-O 13.Bf4 Ng4 14.Rc1 Bxf4 15.Nxf4
Rxf4 16.gxf4 Qxf4 17.Bb5 Bd7 18.Bxc6 Bxc6 19.Rc3 Rf8 20.Qc1 Qd6 21.Qg5 Rf4
22.h3 h6 23.Qh5 Rxf3 24.Qxg4 Rf4 25.Qg3 Qf8 26.Rd1 Qf6 27.Rcd3 Be8 28.Re3 
Bh5 29.Rde1 Bf7 30.Rd3 Bg6 31.Rde3 Bf7 32.Rd1 Bh5 33.Rdd3 Bg6 34.Rb3 Rxd4 
35.Qe5 Rd1+ 36.Kg2 Be4+ 37.Rxe4 dxe4 38.Qxf6 gxf6 39.Rxb7 Rd2 40.Kg3 f5 
41.a4 e5 42.b4 f4+ 43.Kg2 e3 44.Re7 Rxf2+ 45.Kg1 f3 46.Rxe5 Rg2+ 0-1

[Event "5th Oakham Young Masters"]
[Site "Oakham ENG"]
[Date "1992.04.01"]
[Round "9"]
[White "Relange, Eloi"]
[Black "Moutousis, Konstantinos"]
[Result "1-0"]
[WhiteElo "2275"]
[BlackElo "2405"]
[EventDate "1992.03.24"]
[PlyCount "139"]
[Source "John Saunders"]

1.e4 c5 2.Nc3 e6 3.g3 d5 4.exd5 exd5 5.d4 Nf6 6.Bg5 Be7 7.Nge2 Nc6 8.Bg2 
cxd4 9.Nxd4 O-O 10.O-O h6 11.Bf4 Bg4 12.Qd2 Qd7 13.Rfe1 Rfe8 14.Ndb5 d4 
15.Nc7 dxc3 16.Qxd7 Bxd7 17.Nxa8 Rxa8 18.Bxc6 Bxc6 19.Rxe7 Nd5 20.Ree1 Nb4
21.bxc3 Nxc2 22.Be3 a6 23.Rac1 Nxe1 24.Rxe1 Re8 25.f4 Re4 26.a3 f6 27.Kf2 
Rc4 28.Bd4 Ra4 29.Bc5 Ra5 30.Bb4 Rd5 31.h4 h5 32.Ke3 Bb5 33.Ke4 Bc6 34.Ke3
Kf7 35.c4 Rd7 36.Bc5 Ba4 37.Bd4 Kg6 38.Kd3 Kf5 39.Re3 Bc6 40.Kc3 Kg4 41.
Rd3 Be4 42.Re3 Bf3 43.Rd3 Rf7 44.Bf2 Be4 45.Re3 Bc6 46.Kb4 Rd7 47.Be1 Kf5 
48.Kc5 Be4 49.Kb6 Rd1 50.c5 Rc1 51.Bb4 Rc4 52.Kc7 Kg4 53.Rxe4 Rxe4 54.Kxb7
Kxg3 55.Kxa6 Kxh4 56.c6 Kg4 57.c7 Re8 58.Be7 Rc8 59.Kb7 Rxc7+ 60.Kxc7 Kf5 
61.a4 h4 62.Bc5 h3 63.Bg1 Kxf4 64.Bh2+ Kf3 65.a5 Kg2 66.Bd6 f5 67.a6 g5 
68.a7 f4 69.a8=Q+ f3 70.Qe4 1-0

[Event "5th Oakham Young Masters"]
[Site "Oakham ENG"]
[Date "1992.04.01"]
[Round "9"]
[White "Galliamova, Alisa"]
[Black "Turner, Matthew"]
[Result "0-1"]
[WhiteElo "2410"]
[BlackElo "2250"]
[EventDate "1992.03.24"]
[PlyCount "75"]
[Source "John Saunders"]

1.d4 Nf6 2.c4 g6 3.Nf3 Bg7 4.g3 O-O 5.Bg2 d6 6.O-O c6 7.Nc3 a6 8.e4 Bg4 9.
h3 Bxf3 10.Qxf3 e5 11.Be3 Nbd7 12.Qd1 b5 13.cxb5 axb5 14.f4 exd4 15.Bxd4 
b4 16.Na4 Re8 17.Re1 Qa5 18.b3 Rad8 19.Qc2 c5 20.Bf2 Nb6 21.Nxb6 Qxb6 22.
Rad1 Nd7 23.Rd3 Nf8 24.e5 dxe5 25.Rxd8 Rxd8 26.Qxc5 Qxc5 27.Bxc5 exf4 28.
Bxb4 fxg3 29.a4 Ne6 30.a5 Bd4+ 31.Kf1 Rb8 {[ Scoresheet illegible, neat 
enough but several moves missing. ]} 32.Bd6 Rxb3 33.a6 g5 34.Rd1 Ba7 35.
Bd5 Rb6 36.Bxg3 Rxa6 37.Rc1 Bc5 38.Be5 0-1

[Event "5th Oakham Young Masters"]
[Site "Oakham ENG"]
[Date "1992.04.01"]
[Round "9"]
[White "Ong Chong Ghee"]
[Black "Jirovsky, Milos"]
[Result "1-0"]
[WhiteElo "2205"]
[BlackElo "2425"]
[EventDate "1992.03.24"]
[PlyCount "51"]
[Source "John Saunders"]

1.d4 d5 2.c4 e6 3.Nc3 Nf6 4.Bg5 Nbd7 5.cxd5 exd5 6.e3 Bb4 7.Bd3 c5 8.Ne2 
c4 9.Bc2 O-O 10.O-O Qa5 11.f3 Re8 12.Qd2 b5 13.a3 Be7 14.e4 dxe4 15.fxe4 
h6 16.Bxh6 gxh6 17.Qxh6 Ng4 18.Qh5 Nde5 19.h3 b4 20.Nd5 b3 21.hxg4 Be6 22.
dxe5 Qc5+ 23.Kh1 Kg7 24.Nef4 Qc6 25.Nxe6+ Qxe6 26.Rf6 1-0

[Event "5th Oakham Young Masters"]
[Site "Oakham ENG"]
[Date "1992.04.01"]
[Round "9"]
[White "Webster, Andrew"]
[Black "Le Quang Kim"]
[Result "1-0"]
[WhiteElo "2350"]
[BlackElo "2250"]
[EventDate "1992.03.24"]
[PlyCount "73"]
[Source "John Saunders"]

1.c4 g6 2.g3 Bg7 3.Bg2 e5 4.Nc3 d6 5.e4 Nc6 6.Nge2 Nge7 7.O-O O-O 8.d3 Be6
9.Nd5 Qd7 10.Be3 Nd4 11.Nxe7+ Qxe7 12.Bxd4 exd4 13.b4 c6 14.a4 Rad8 15.Re1
Qd7 16.Rb1 d5 17.exd5 cxd5 18.c5 f5 19.b5 g5 20.f4 h6 21.Qd2 Bf6 22.Qb4 
Qg7 23.b6 axb6 24.Qxb6 Bc8 25.c6 bxc6 26.Qxc6 Rfe8 27.Rb6 Kf7 28.Bxd5+ Kg6
29.fxg5 hxg5 30.Nf4+ Kh7 31.Rxe8 Bd7 32.Qxf6 Qxf6 33.Rxf6 Bxe8 34.Rf8 gxf4
35.Bf7 Rd7 36.Bxe8 Rd8 37.Bg6+ 1-0

[Event "5th Oakham Young Masters"]
[Site "Oakham ENG"]
[Date "1992.04.01"]
[Round "9"]
[White "Topakian, Raffi"]
[Black "Cullip, Stephen"]
[Result "1-0"]
[WhiteElo "2255"]
[BlackElo "2320"]
[EventDate "1992.03.24"]
[PlyCount "63"]
[Source "John Saunders"]

1.e4 c5 2.Nf3 e6 3.d4 cxd4 4.Nxd4 a6 5.Nc3 Qc7 6.g3 Bb4 7.Ne2 Nf6 8.Bg2 
Nc6 9.Bf4 d6 10.a3 Bxc3+ 11.Nxc3 Ne5 12.Qd4 Bd7 13.Rd1 Bc6 14.O-O Ke7 15.
Bg5 h6 16.Bc1 Rac8 17.h3 b5 18.f4 Ned7 19.Kh2 Ba8 20.Be3 Rhd8 21.Rf2 Qb8 
22.Rfd2 a5 23.e5 dxe5 24.fxe5 Nd5 25.Nxd5+ exd5 26.e6 Nf6 27.Bf4 Qb7 28.
exf7 Kxf7 29.Rf1 Rc4 30.Qd3 Re8 31.Bxh6 gxh6 32.Qh7+ 1-0